| 000 | 00440cam a22001575a 4500 | ||
|---|---|---|---|
| 001 | J100879 | ||
| 008 | 000000s1924 xxk 000 0 eng u | ||
| 035 | _a(Sirsi) u100879 | ||
| 110 |
_aAuctioneers' and Estate Agents' Institute of the United Kingdom _93789 |
||
| 245 | _aFire insurance: its origin, principles and practice. | ||
| 260 | _c1924 | ||
| 300 | _a16p. | ||
| 651 | 4 |
_aUnited Kingdom _y |
|
| 690 |
_aInsurance _96249 |
||
| 942 | _n0 | ||
| 999 |
_c99896 _d99896 |
||